Normal view
MARC view
Entry Personal Name
001 - CONTROL NUMBER
- control field: 16266
003 - CONTROL NUMBER IDENTIFIER
- control field: BD-RjUL
005 - DATE AND TIME OF LATEST TRANSACTION
- control field: 20250724155831.0
008 - FIXED-LENGTH DATA ELEMENTS
- fixed length control field: 250724|| aca||aabn | a|a d
040 ## - CATALOGING SOURCE
- Original cataloging agency: BD-RjUL
- Transcribing agency: BD-RjUL
100 ## - HEADING--PERSONAL NAME
- Personal name: Chaity, Arnaba Saha
670 ## - SOURCE DATA FOUND
- Source citation: Work cat.: (BD-RjUL)85320: Chaity, Arnaba Saha, In Silico analysis of integron in multi-Drug resistant clinical samples for novel sequence variance /, 2023